00440nam a2200133Ia 4500008004100000041000800041100001100049245002000060260001600080365001800096906000700114999001700121952016800138240703s9999 xx 000 0 und d aeng aGuntha aDigital First  bWiley India cRS.b 689.00  b35 c41039d41039 00102ddc4070aIMTNbIMTNcRack 30-Bd2024-07-03eDr. Senthil Kumar Sg689.00l2o658.4092 GUNp33448r2024-10-24 00:00:00s2024-10-14t1v447.85w2024-07-03yBK